Указ Президиума Верховного Совета СССР о награждении орденами и медалями генералов, офицерского и сержантского состава за выслуг...

Доступно только в Электронных читальных залах Найти на картеНа карте
RUSMARC
00003785nac2a22002413x 450
001759574b4-1a8f-48f6-aa42-21ad1d202d32
00520221209155805.0
100##$a20221117l1946 k y0rusy50 ca
1010#$arus
102##$aRU
105##$ay z |||||
1220#$ad19461105
2001#$aУказ Президиума Верховного Совета СССР о награждении орденами и медалями генералов, офицерского и сержантского состава за выслугу лет в Вооруженных Силах Союза ССР, принятый 5 ноября 1946 года (к протоколу № 7)
$j5 ноября 1946
215##$a95 листов
251##$cДело
300##$aМашинописный и рукописный текст
461#0$1001d61833fe-7036-4123-ba24-5c83654b2cf0
$12001
$aВерховный Совет СССР
$1251
$cФонд
$1852
$gР
$j7523
462#0$1001f97228f9-855d-4329-90f3-ac5adbe8c7dc
$12001
$aПодлинные протоколы заседаний Президиума Верховного Совета СССР и материалов к ним второго созыва
$vД. 72
$1251
$cОпись
$1852
$j36
60101$3RU\NLR\AUTH\8817309
$aСССР
$bВерховный Совет
60101$3RU\NLR\AUTH\8810065327
$aСССР
$bВерховный Совет
$bПрезидиум
801#0$aRU
$bGA_RF
801#1$aRU
$bГлавНИВЦ
$c20221117
$2rusmarc
801#2$aRU
$bПБ им. Б.Н. Ельцина
$c20221209
$gRCR
$2rusmarc
852##$aГА РФ
$j72
937##$d181480128
$hГАРФ
035##$aRuPRLIB51069098
856##$uhttp://readingroom.main.prlib.ru/item.aspx?id_node=n181480128&mode=full
Формат отображения